Nguyễn Khuyến Thơ, lời bình và giai thoại

Wedi'i Gadw mewn:
Manylion Llyfryddiaeth
Prif Awdur: Mai Hương
Fformat: Llyfr
Iaith:Undetermined
Cyhoeddwyd: Hà Nội VHTT 2000
Pynciau:
Tagiau: Ychwanegu Tag
Dim Tagiau, Byddwch y cyntaf i dagio'r cofnod hwn!
Thư viện lưu trữ: Trung tâm Học liệu Trường Đại học Cần Thơ
LEADER 00615nam a2200205Ia 4500
001 CTU_36429
008 210402s9999 xx 000 0 und d
020 |b 52.000đ 
082 |a 809 
082 |b M103k 
100 |a Mai Hương 
245 0 |a Nguyễn Khuyến 
245 0 |b Thơ, lời bình và giai thoại 
245 0 |c Mai Hương 
260 |a Hà Nội 
260 |b VHTT 
260 |c 2000 
650 |a vietnamese poetry - 19th century,vietnamese literature - 19th century - history and criticism 
904 |i Minh, 000503 
980 |a Trung tâm Học liệu Trường Đại học Cần Thơ